000 00777nam a2200241 i 4500
001 17109
003 ES-MaACL
005 20251218063012.0
007 t|
008 001220s1997 sp ||||1| spa d
020 _a84-339-2534-2
080 _a323.27:316.343.64(727.4)"1994/..."
100 0 _aMarcos,
_csubcomandante
_976517
245 1 3 _aEl sueño zapatista /
_cSubcomandante Marcos, Yvon Le Bot.
260 _aBarcelona :
_bAnagrama,
_c[1997]
300 _a325 p., [8] h. de lám. ;
_c22 cm.
490 1 _aCrónicas Anagrama ;
_v34
651 4 _aChiapas-
_xHistoria-
_yRevuelta campesina, 1994-
_98037
700 1 _aLe Bot, Yvon.
_970838
830 0 _aCrónicas Anagrama ;
_v34
_9180220
852 _aES-MaACL
_jL-23962
_bR.129082
999 _c17109
_d17109